000 00369nam a2200157Ia 4500
100 _aSchneider/Marcio Cheren
650 _aCMOS
942 _cRB
366 _f20
245 _aCMOS Analog design using All region MOSFET modeling
260 _bCambridge University Press
_c2010
082 _a621.3815
_bSCH
300 _a486
546 _aENGLISH
_cTTL
999 _c22103
_d22103